<?xml version="1.0" encoding="UTF-8"?><?xml-stylesheet type="text/xsl" href="static/style.xsl"?><OAI-PMH xmlns="http://www.openarchives.org/OAI/2.0/" xmlns:xsi="http://www.w3.org/2001/XMLSchema-instance" xsi:schemaLocation="http://www.openarchives.org/OAI/2.0/ http://www.openarchives.org/OAI/2.0/OAI-PMH.xsd"><responseDate>2026-04-13T05:01:24Z</responseDate><request verb="GetRecord" identifier="oai:www.recercat.cat:2099.1/16344" metadataPrefix="marc">https://recercat.cat/oai/request</request><GetRecord><record><header><identifier>oai:recercat.cat:2099.1/16344</identifier><datestamp>2025-07-22T15:01:07Z</datestamp><setSpec>com_2072_1033</setSpec><setSpec>col_2072_452951</setSpec></header><metadata><record xmlns="http://www.loc.gov/MARC21/slim" xmlns:dcterms="http://purl.org/dc/terms/" xmlns:xsi="http://www.w3.org/2001/XMLSchema-instance" xmlns:doc="http://www.lyncode.com/xoai" xsi:schemaLocation="http://www.loc.gov/MARC21/slim http://www.loc.gov/standards/marcxml/schema/MARC21slim.xsd">
   <leader>00925njm 22002777a 4500</leader>
   <datafield ind2=" " ind1=" " tag="042">
      <subfield code="a">dc</subfield>
   </datafield>
   <datafield ind2=" " ind1=" " tag="720">
      <subfield code="a">Hornero Plans, Alexandre</subfield>
      <subfield code="e">author</subfield>
   </datafield>
   <datafield ind2=" " ind1=" " tag="260">
      <subfield code="c">2012-02</subfield>
   </datafield>
   <datafield ind2=" " ind1=" " tag="520">
      <subfield code="a">Within the context of sustainable development, today burning sewage biogas via a flare&#xd;
cannot be considered a long-term solution, and although conventional cogeneration systems&#xd;
have been widely developed, other emerging and promising biogas end-use routes must be&#xd;
taken into account.&#xd;
For this reason, and under the R+i Alliance© framework, an excel-based decision-support&#xd;
tool has been developed, with the objective of providing a first approach to the design&#xd;
of sewage biogas energy production/recovery plants, based on previous literature&#xd;
research and experimental data.&#xd;
In this document, six different case studies using this tool have been presented,&#xd;
covering many of the available biogas end-use technologies (internal combustion engines,&#xd;
fuel cells, and gas-grid injection), as well as other variables such as plant size and biogas&#xd;
cleaning processes.&#xd;
Results have shown that internal combustion engines are a mature and deployed&#xd;
technology, offering a good technical and economical performance in most of the&#xd;
situations. On the contrary, even though fuel cells have proved to be a promising&#xd;
technology in terms of technical and environmental performance, investment costs are still&#xd;
too high, and incoming biogas valorisation projects may only consider fuel cell facilities, if&#xd;
investment subsidies are provided. According to the results, gas-grid injection is the&#xd;
midpoint option, showing good mid-term prospects and playing an important role in&#xd;
replacing natural gas fossil fuel with renewable biomethane. However, it is only a competitive&#xd;
technology at large scale environments.</subfield>
   </datafield>
   <datafield tag="653" ind2=" " ind1=" ">
      <subfield code="a">Àrees temàtiques de la UPC::Energies::Recursos energètics renovables::Biogàs</subfield>
   </datafield>
   <datafield tag="653" ind2=" " ind1=" ">
      <subfield code="a">Àrees temàtiques de la UPC::Desenvolupament humà i sostenible::Enginyeria ambiental::Tractament de l'aigua</subfield>
   </datafield>
   <datafield tag="653" ind2=" " ind1=" ">
      <subfield code="a">Biogas</subfield>
   </datafield>
   <datafield tag="653" ind2=" " ind1=" ">
      <subfield code="a">Sewage disposal plants</subfield>
   </datafield>
   <datafield tag="653" ind2=" " ind1=" ">
      <subfield code="a">Decision support systems</subfield>
   </datafield>
   <datafield tag="653" ind2=" " ind1=" ">
      <subfield code="a">Biogàs</subfield>
   </datafield>
   <datafield tag="653" ind2=" " ind1=" ">
      <subfield code="a">Aigües residuals -- Plantes de tractament</subfield>
   </datafield>
   <datafield tag="653" ind2=" " ind1=" ">
      <subfield code="a">Sistemes d'ajuda a la decisió</subfield>
   </datafield>
   <datafield ind2="0" ind1="0" tag="245">
      <subfield code="a">Development of a decision support tool, for the design of sewage biogas energy production/recovery plants based on experimental data</subfield>
   </datafield>
</record></metadata></record></GetRecord></OAI-PMH>